La Campana catalana : exposició de dibuixos originals : primavera 1980 exposició de dibuixos originals :
Descripción Física:
23 p. : il.; 22 cm
MARC
| LEADER | 00000nam a2200000Ia 4500 | ||
|---|---|---|---|
| 001 | 23031 | ||
| 008 | 160829s1980 xx 000 0 cat d | ||
| 080 | |a FU-59-15 | ||
| 245 | |a La Campana catalana : |b exposició de dibuixos originals : |b primavera 1980 | ||
| 260 | |a Barcelona : |b Diputació de Barcelona. Biblioteca de Catalunya, |c 1980 | ||
| 300 | |a 23 p. : |b il.; |c 22 cm | ||
| 650 | |a Roig i Cisà, Pau |x Exposicions |9 39921 | ||
| 650 | |a Humorisme català |x S. XX |x Exposicions |9 39922 | ||
| 650 | |a Dibuixos |x Catalunya |9 39923 | ||
| 710 | 1 | |a Barcelona (Catalunya : Província). |b Diputació |9 52408 | |
| 710 | 1 | |a Biblioteca de Catalunya |9 52741 | |
| 901 | |a Arxiu | ||
| 942 | |n 1 | ||
| 952 | |0 0 |1 0 |4 0 |6 FU5915 |7 1 |9 49305 |a Arxiu |b Arxiu |d 2016-12-01 |l 0 |o FU-59-15 |p 23031 |r 2016-12-01 00:00:00 |w 2016-12-01 |y ARXIU | ||
| 999 | |c 53147 |d 53147 | ||